00986 2200313 4500001002100000005001500021035002000036007000300056008004100059020001800100040002200118082001800140100006200158245006300220250002200283300004600305043000800351264004300359336002100402337003000423338002300453084002000476090002400496500006300520850001200583504003500595651002200630990002000652INLIS00000000085357020191206080903 a0010-1219000256ta191206s2015 jtia g ind d a979-97827-0-8 aYOPDYOGbinderda04223a959.826340 aHamaminata Nitinagoro,cKRAepenulisqAhmad Hamam Rochani10aBabad tanah Kendal /cpenulis, KRA. Hamaminata Nitinagoro, aCetakan III, 2015 axxvii, 1151 halaman :bilustrasi ;c25 cm aaio aKendal :bGrafika Citra Mahkota,c2015 2rdacontentateks 2rdamediaatanpa perantara 2rdacarrieravolume a959.82634 HAM b aBTR 959.82634 HAM b aDiterbitkan bekerjasama dengan Pemerintah Kabupaten Kendal aYOPDYOG aBibliografi: halaman 1131-1144 4aKendal--xSejarah a65322-PD/A.2019